Normal view
MARC view
Entry Personal Name
001 - CONTROL NUMBER
- control field: 11534
003 - CONTROL NUMBER IDENTIFIER
- control field: BD-RjUL
005 - DATE AND TIME OF LATEST TRANSACTION
- control field: 20240207123723.0
008 - FIXED-LENGTH DATA ELEMENTS
- fixed length control field: 240207|| aca||aabn | a|a d
040 ## - CATALOGING SOURCE
- Original cataloging agency: BD-RjUL
- Transcribing agency: BD-RjUL
100 ## - HEADING--PERSONAL NAME
- Personal name: রহমান, কাজী মো. মোস্তাফিজুর, সুপারভাইজার
670 ## - SOURCE DATA FOUND
- Source citation: Work cat.: (BD-RjUL)82992: নাহার, কামরুন 11531, সিরাজগঞ্জের ইতিহাস ও ঐতিহ্য :, ২০১৯